Ant-Man Characters Quiz Stats

 Plays Quiz Updated Jul 7, 2018

Challenge
Share
Tweet
Embed
Score 0/12 Timer 04:00
20 Plays Today
Actor Character % Correct
Paul RuddScott Lang/Ant-Man
99%
Evangeline LillyHope Van Dyne
89.1%
Chris Evans (Post-Credits)Steve Rogers/Captain America
81.4%
Michael DouglasHank Pym
72.7%
Sebastian Stan (Post-Credits)Bucky Barnes/Winter Soldier
71.4%
Anthony MackieSam Wilson/Falcon
67.3%
Corey StollDarren Cross/Yellowjacket
55.6%
Hayley AtwellPeggy Carter
52.2%
Abby Ryder FortsonCassie Lang
40.7%
John SlatteryHoward Stark
36.8%
Michael PenaLuis
35.3%
Bobby CannavalePaxton
15.2%

You're not logged in!

Compare scores with friends on all Sporcle quizzes.
Join for Free
OR
Log In

You Might Also Like...

Show Comments

Extras

Top Quizzes Today


Score Distribution

Your Account Isn't Verified!

In order to create a playlist on Sporcle, you need to verify the email address you used during registration. Go to your Sporcle Settings to finish the process.

Report this User

Report this user for behavior that violates our Community Guidelines.

Details: